| 000 | 03709cam a22012254i 4500 | ||
|---|---|---|---|
| 003 | PE-LiUPU | ||
| 005 | 20250813185345.0 | ||
| 008 | 150617s1982 nyu r 000 0 eng d | ||
| 020 | _a0801612276 | ||
| 035 | _a(Sirsi) i9780801612275 | ||
| 040 |
_aPE-LiUPU _bspa _cPE-LiUPU _erda |
||
| 049 | _aPRUA | ||
| 082 | 0 | 4 |
_a362.82 _bC5 _221 |
| 245 | 0 | 0 |
_aChildren who are different: meeting the challenges of birth defects in society / _cEditores, Rosalyn Carling Benjamín y Jon Darling. |
| 264 | 1 |
_alondon : _bThe C.V. Mosby Company, _c1982. |
|
| 300 |
_a316 páginas ; _c24 centímetros |
||
| 336 |
_atext _2rdacontent |
||
| 337 |
_aunmediated _2rdamedia |
||
| 338 |
_avolume _2rdacarrier |
||
| 505 | 0 | _aThe nature and prevalence of birth defects -- Social and professional reactions to congenital handicaps -- Family reactions to congenitally handicapped children -- Self-reactions of the congenitally handicapped child -- Finding out: the situation of first information -- Seeking help I: the quest for medical information and care -- Seeking help II: the quest for education and other services -- Later on: concerns about the future -- Developing positive attitudes -- Helping techniques I: counseling -- Helping techniques II: intervention -- Helping techniques III: advocacy. | |
| 526 | _aP202 | ||
| 526 | _aP201 | ||
| 526 | _aP163 | ||
| 526 | _aP162 | ||
| 526 | _aP161 | ||
| 526 | _aP160 | ||
| 526 | _aP148 | ||
| 526 | _aP147 | ||
| 526 | _aP146 | ||
| 526 | _aP145 | ||
| 526 | _aP144 | ||
| 526 | _aP143 | ||
| 526 | _aP142 | ||
| 526 | _aP141 | ||
| 526 | _aP140 | ||
| 526 | _aP139 | ||
| 526 | _aP138 | ||
| 526 | _aP137 | ||
| 526 | _aP136 | ||
| 526 | _aP135 | ||
| 526 | _aP134 | ||
| 526 | _aP133 | ||
| 526 | _aP129 | ||
| 526 | _aP128 | ||
| 526 | _aP127 | ||
| 526 | _aP120 | ||
| 526 | _aP119 | ||
| 526 | _aP118 | ||
| 526 | _aP116 | ||
| 526 | _aP115 | ||
| 526 | _aP114 | ||
| 526 | _aP110 | ||
| 526 | _aP109 | ||
| 526 | _aP108 | ||
| 526 | _aP104 | ||
| 526 | _aP103 | ||
| 526 | _aP102 | ||
| 526 | _aP99 | ||
| 526 | _aP98 | ||
| 526 | _aP97 | ||
| 526 | _aP96 | ||
| 526 | _aP95 | ||
| 526 | _aP93 | ||
| 526 | _aP90 | ||
| 526 | _aP89 | ||
| 526 | _aP88 | ||
| 526 | _aP83 | ||
| 526 | _aP82 | ||
| 526 | _aP62 | ||
| 526 | _aP59 | ||
| 526 | _aP58 | ||
| 526 | _aP57 | ||
| 526 | _aP51 | ||
| 526 | _aP49 | ||
| 526 | _aP48 | ||
| 526 | _aP47 | ||
| 526 | _aP29 | ||
| 526 | _aP24 | ||
| 526 | _aP20 | ||
| 526 | _aP19 | ||
| 526 | _aP17 | ||
| 526 | _aP15 | ||
| 526 | _aP14 | ||
| 526 | _aP12 | ||
| 526 | _aP10 | ||
| 526 | _aP09 | ||
| 526 | _aP08 | ||
| 526 | _aP07 | ||
| 526 | _aP06 | ||
| 526 | _aP05 | ||
| 526 | _aP04 | ||
| 526 | _aP01 | ||
| 650 | 0 | 4 |
_aNiños impedidos _xRelaciones familiares. |
| 700 | 1 |
_aDarling Benjamin, Rosalyn, _eeditor. |
|
| 700 | 1 |
_aDarling, Jon, _eeditor. |
|
| 910 |
_ajck _bjvq _cjck _d20150616 |
||
| 942 |
_2ddc _cBOOK |
||
| 949 |
_a362.82 C5 _wDEWEY _c1 _i26732 _lCCODEBUL1 _mBUL _r0 _sY _tBOOK _u2015-4-21 _xEDUCACION _zUNKNOWN _0COMPRA _o.STAFF. Colección General |
||
| 949 |
_a362.82 D26 _wDEWEY _c2 _i26731 _lCCODEBUL1 _mBUL _r0 _sY _tBOOK _u2015-4-21 _xEDUCACION _zUNKNOWN _0COMPRA _o.STAFF. Colección General |
||
| 994 |
_aC0 _bPEPRU |
||
| 596 | _a1 | ||
| 999 |
_a362.82 C5 _wDEWEY _c16833 _i26732 _f2021-11-5 _g6 _lCCODEBUL1 _mBUL _p22.00 _r0 _sY _tBOOK _u2015-4-21 _xBIBLIOTECA _zUNKNOWN _0COMPRA _o.STAFF. Colección General _d16833 |
||
| 999 |
_a362.82 C5 _wDEWEY _c2 _i26731 _f2021-11-5 _g6 _lCCODEBUL1 _mBUL _p22.00 _r0 _sY _tBOOK _u2015-4-21 _xBIBLIOTECA _zUNKNOWN _0COMPRA _o.STAFF. Colección General |
||
| 980 |
_81 _gALBERTO SANCHEZ Responsable de Automatización |
||